000 00355nam a2200133Ia 4500
008 151001s9999||||xx |||||||||||||| ||und||
100 _a Tumbi
245 _aMy Little of shapes
250 _a1
260 _bDC Books
260 _c2007
300 _a0
365 _b18
999 _c992829
_d992826